Jefferson's Louisiana: politics and the clash of legal traditions
Guardat en:
| Autor principal: | |
|---|---|
| Format: | Llibre |
| Idioma: | anglès |
| Publicat: |
Clark
The Lawbook Exchange
2009
|
| Matèries: | |
| Etiquetes: |
Afegir etiqueta
Sense etiquetes, Sigues el primer a etiquetar aquest registre!
|
MARC
| LEADER | 00000nam a2200000 a 4500 | ||
|---|---|---|---|
| 001 | UCG4292 | ||
| 003 | CL-VaPUC | ||
| 008 | 101021e20090000us |||||||||||||||||eng|d | ||
| 020 | |a 1616190205 | ||
| 082 | 0 | 4 | |a 349.763 |b DAR |2 21 |
| 100 | 0 | |a Dargo, George |e author |9 553654 | |
| 245 | 1 | 0 | |a Jefferson's Louisiana: politics and the clash of legal traditions |
| 300 | |a 331 p | ||
| 942 | |c BK | ||
| 945 | |d 20101021 00:00:00 |a mfarfan | ||
| 260 | |a Clark |b The Lawbook Exchange |c 2009 | ||
| 650 | 0 | |a Historia |9 255047 | |
| 650 | 0 | |a Política y gobierno |9 255151 | |
| 651 | 7 | |a LUISIANA |2 CL-VaPUC |9 553655 | |
| 583 | |a last modification |c 20171218 02:20:28 |k Rodrigo Vera | ||
| 999 | |c 343109 |d 343107 | ||
| 952 | |0 0 |1 0 |4 0 |6 349_763000000000000_DAR_2009 |7 0 |8 A |9 440115 |a BIBDER |b BIBDER |d 2019-11-22 |i 4729056 |o 349.763 DAR 2009 |p 4729056 |r 2019-11-22 |w 2019-11-22 |y BK |k DER | ||